000 00676nam a2200181Ia 4500
008 100920s9999 xx 000 0 und d
082 _b62526
_a61 थ 81
100 _aसरदेसाई लक्ष्मणराव.
245 _aगोव्याकडची माणसं.
260 _bकॉन्टिनेन्टल प्रकाशन,पुणे.
_c1981
300 _a95
_bसाधी
365 _b6
520 _aस्थानिक वाचन.
630 _aगोव्याकडची माणसं.
650 _aस्थानिक वाचन.
730 _aगोव्याकडची माणसं.
942 _cBOOK
999 _c705628
_d705625